| 000 | 01457cam a2200349 i 4500 | ||
|---|---|---|---|
| 001 | 18959231 | ||
| 003 | OSt | ||
| 005 | 20260313110523.0 | ||
| 008 | 160202s2016 ilu b 000 0 eng | ||
| 010 | _a 2016005170 | ||
| 020 |
_a9780830844555 _qpbk. : alk. paper |
||
| 020 |
_a9780830899982 _qebook |
||
| 035 | _a18959231 | ||
| 040 |
_aDLC _beng _cDLC _erda _dDLC |
||
| 042 | _apcc | ||
| 050 | 0 | 0 |
_aBR115.J8 _bA55 2016 |
| 082 | 0 | 0 |
_a261.8 _223 |
| 100 | 1 |
_aAnnan, Kent, _d1973- _eauthor. |
|
| 245 | 1 | 0 |
_aSlow kingdom coming : _bpractices for doing justice, loving mercy, and walking humbly in the world / _cKent Annan. |
| 264 | 1 |
_aDowners Grove : _bInterVarsity Press, _c[2016] |
|
| 300 |
_a146 pages ; _c21 cm |
||
| 336 |
_atext _btxt _2rdacontent |
||
| 337 |
_aunmediated _bn _2rdamedia |
||
| 338 |
_avolume _bnc _2rdacarrier |
||
| 504 | _aIncludes bibliographical references (pages 143-146). | ||
| 505 | 0 | _aParticipating in the coming kingdom -- Attention: awakening to justice -- Confession: the posture for engaging -- Respect: the golden rule for helping -- Partnering: with not for -- Truthing: hard thinking and feet on the ground -- Practicing faithfully even when we're overwhelmed. | |
| 650 | 0 | _aChristianity and justice. | |
| 650 | 0 | _aChurch work. | |
| 906 |
_a7 _bcbc _corignew _d1 _eecip _f20 _gy-gencatlg |
||
| 942 |
_2lcc _cBK |
||
| 999 |
_c21357 _d21356 |
||